000 00925nam a2200289 i 4500
001 000011257
003 DO-SdBNP
005 20250821142825.0
007 ta
008 091015s1983 dr ac r 001 p spa d
040 _aDO-SdBNP
_bspa
_cBNPHU
082 _aRD861.44
_bR696can
_222
100 1 _aRodriguesoriano, René
_eautor
_926774
245 1 0 _aCanciones rosa para una niña gris metal /
_cRené Rodriguesoriano.
264 _aSanto Domingo :
_b[Editora desconocida],
_c1983.
300 _a60 páginas :
_bilustraciones, retratos. ;
_c22 cm.
336 _ardacontent
_btexto
_2txt
337 _ardamedia
_bsin mediación
_2n
338 _ardacarrier
_bvolumen
_2nc
490 1 _a... y punto !
590 _aInventariado, 2018/BT
650 0 _aPoesía dominicana
_966
650 0 _aLiteratura dominicana.
_967
830 0 _a... y punto !
_926825
910 _aValidado. Control de calidad. MMOLINA
942 _2ddc
_cLBS1
999 _c10975
_d10975